000 00770nam a2200217 a 4500
003 0
005 20250328152825.0
008 050809s19uu xx 00 eng d
050 _aPGS TX 556.J8.C66
_b.C545 2005
100 _aChoi, Nak Hee.
245 _aComparative analysis of vitamin C content of leading commercialized fruit juices /
_cNak Hee Choi.
260 _aLas PiƱas City, Philippines :
_bSouthville International School and Colleges,
_c2005.
300 _a23 pages :
_billustrations ;
_c28 cm.
504 _aIncludes bibliographical references.
650 _aVitamin C
_vAnalysis.
650 _aFruit juices
_vAnalysis.
650 _aFood
_vVitamin content.
650 _aFood
_vComposition.
650 _aFood
_vQuality
_vEvaluation.
942 _2lcc
_cPASS
999 _c97349
_d97349